| 000 | 00803nam a22002297a 4500 | ||
|---|---|---|---|
| 001 | 49152 | ||
| 003 | BD-RjUL | ||
| 005 | 20211209054636.0 | ||
| 008 | 160818s1996 ii ||||| |||| 00| 0 ben d | ||
| 035 | _a(BD-RjUL)49271 | ||
| 040 |
_aBD-RjUL _bben _cBD-RjUL |
||
| 041 | _aben | ||
| 082 |
_223 _a491.2 _bMAC 1996 |
||
| 100 |
_aমদগঙ্গাঁদাস _9147775 |
||
| 245 | 1 | 0 |
_aছন্দো মঞ্জুরী / _cমদগঙ্গাঁদাস |
| 250 | _a৮ম সং | ||
| 260 |
_aকলিকাতা : _bসংস্কৃতি পুস্তক, _c১৯৯৬ [১৪০৩] |
||
| 300 |
_aবিভিন্ন পৃ. ; _c২১ সেমি. |
||
| 650 |
_aসংস্কৃত ভাষা _9147776 |
||
| 650 |
_aSanskrite Language _9147777 |
||
| 942 |
_2ddc _cBK |
||
| 999 |
_c49152 _d49152 |
||